Mondaq Malasia

Bibliographic Details
Format: eBook
Language:English
Published: Kuala Lumpur: Mondaq, 2018
Series:Mondaq Business Briefing
Subjects:
Online Access:Acceso restringido

MARC

LEADER 00000nam a22000007a 4500
005 20181229154641.0
007 cr|||| ||||
008 181229s2018 my |||||s|||| 00||0 eng d
035 |a 1969 
040 |a vLex 
090 |c 8403  |d 8403 
245 0 0 |a Mondaq Malasia  |h [Recurso electrn̤ico] / 
256 |a Servicio en ln̕ea 
260 |a Kuala Lumpur:  |b Mondaq,  |c 2018 
300 |a 1 recurso electrn̤ico 
490 0 |a Mondaq Business Briefing 
500 |a Malasia Law Articles in English 
506 1 |a Disponible solo en los productos indicados  |d vLex Global  |d vLex Global (Academic Edition, excluding Law Schools)  |d vLex Global (U.S. Academic Edition, Law Schools)  |d vLex Global (U.S. Academic Edition, excluding Law Schools)  |d vLex Global (Academic Edition, Law Schools) 
650 0 4 |a Derecho Pb︢lico y Administrativo  |z Malasia 
740 0 |a vLex Libros (Servicio en ln̕ea) 
856 4 0 |u http://vlex.com/source/1969  |z Acceso restringido 
942 |c BOOK 
999 0 |a Public and Administrative Law